Η διδασκαλία των λιμνών σε ολιγοθέσιο σχολείο με τη μέθοδο project : το παράδειγμα της λίμνης Δοϊράνης ; διπλωματική εργασία [μεταπτυχιακή εργασία]

Αποθηκεύτηκε σε:
Λεπτομέρειες βιβλιογραφικής εγγραφής
Κύριος συγγραφέας: Ντέντας, Γεώργιος
Συγγραφή απο Οργανισμό/Αρχή: Πανεπιστήμιο Αιγαίου. Σχολή Ανθρωπιστικών Επιστημών. Τμήμα Επιστημών της Προσχολικής Αγωγής και του Εκπαιδευτικού Σχεδιασμού. Πρόγραμμα Μεταπτυχιακών Σπουδών Περιβαλλοντική Εκπαίδευση
Μορφή: Thesis Βιβλίο
Γλώσσα:Greek
Δημοσίευση: 2015.
Θέματα:
Διαθέσιμο Online:http://hdl.handle.net/11610/15949
Ετικέτες: Προσθήκη ετικέτας
Δεν υπάρχουν, Καταχωρήστε ετικέτα πρώτοι!

MARC

LEADER 00000cam a2200000 a 4500
001 1/108118
008 150825s2015####gr | ||| |||| ||gre||
040 |a GR-MyUa  |b gre  |c GR-MyUa  |e AACR2 
041 0 |a gre 
082 7 |a 371.33   |2 (23) 
100 1 |a Ντέντας, Γεώργιος. 
245 1 2 |a Η διδασκαλία των λιμνών σε ολιγοθέσιο σχολείο με τη μέθοδο project :   |b το παράδειγμα της λίμνης Δοϊράνης ; διπλωματική εργασία [μεταπτυχιακή εργασία] /   |c Ντέντας Γεώργιος ; επιβλέπων καθηγητής Σταμάτης Παναγιώτης.  
260 |c 2015.  
300 |a 195 σ. :   |b πίν.; εικ. ;   |c 30 εκ.  
502 |a Διατριβή (μεταπτυχιακή) – Πανεπιστήμιο Αιγαίου, Ρόδος, 2015. 
504 |a Βιβλιογραφία: σ. 114-123.  
506 1 |a Πλήρες κείμενο - Ελεύθερη δημοσίευση - Κλειδωμένη η δυνατότητα αντιγραφής.  
650 0 |a Project method in teaching. 
650 0 |a Environmental education  |x Case studies. 
650 0 |a Environmental education  |x Activity programs  |x Case studies. 
650 0 |a Lake ecology. 
700 1 |a Σταμάτης, Παναγιώτης Ι.,   |d 1967-  |e dgs 
710 2 |a Πανεπιστήμιο Αιγαίου.   |b Σχολή Ανθρωπιστικών Επιστημών.   |b Τμήμα Επιστημών της Προσχολικής Αγωγής και του Εκπαιδευτικού Σχεδιασμού.   |b Πρόγραμμα Μεταπτυχιακών Σπουδών Περιβαλλοντική Εκπαίδευση. 
852 |a INST  |b RHODES  |c DIATR  |e 20150825  |h 371.33 ΝΤΕ  |p 005400037942  |q 005400037942  |t MTXE  |y 23 
856 |u http://hdl.handle.net/11610/15949 
924 |a Ντέντας   |b Γεώργιος   |y Ρόδος  |z 2015-05  
970 |z 25-08-2015